000
00191nam a2200085 4500
001
1256312
005
20251225100650.0
245
_a
ÖLÜM ÇIĞLIĞI
_c
AGATHA CHRISTIE
260
_b
ALTIN KİTAPLAR
999
_c
1256312
_d
1256312